Una experiencia de organización de la comunidad en el Valle de la Esperanza/
Uloženo v:
| Hlavní autor: | |
|---|---|
| Médium: | Kniha |
| Jazyk: | Spanish |
| Vydáno: |
San José, Costa Rica
Editorial UCR
1956-
|
| Tagy: |
Přidat tag
Žádné tagy, Buďte první, kdo vytvoří štítek k tomuto záznamu!
|
MARC
| LEADER | 00000nam a2200000 4500 | ||
|---|---|---|---|
| 003 | cru CIDCACS/IIS | ||
| 005 | 20240723163948.0 | ||
| 007 | ta | ||
| 008 | 161111s1956 cr ||||| |||| 00| 0 spa d | ||
| 022 | |a 04825276 | ||
| 040 | |c cru CIDCACS/IIS |a cru CIDCACS/IIS |b spa | ||
| 100 | 1 | |a Campos, Carlos María |9 11946 | |
| 245 | 1 | 4 | |a Una experiencia de organización de la comunidad en el Valle de la Esperanza/ |c Carlos María Campos |h [impreso] |
| 260 | |a San José, Costa Rica |b Editorial UCR |c 1956- | ||
| 300 | |a páginas 13-41 | ||
| 310 | |a Trimestral | ||
| 500 | |a Colección Centroamérica | ||
| 773 | 0 | |0 18728 |9 10919 |a Universidad de Costa Rica. |d San José, Costa Rica Editorial UCR 1959- |o 16725 |t Revista de Ciencias Sociales/ |x 04825276 | |
| 773 | 0 | |0 18728 |9 10919 |a Universidad de Costa Rica. |d San José, Costa Rica Editorial UCR 1959- |o 16725; REV0862 |t Revista de Ciencias Sociales/ |x 04825276 | |
| 942 | |2 z |c PP |h REV0862 |6 REV0862 | ||
| 999 | |c 45647 |d 45647 | ||
